Bundesstaaten der USA - Sudden Death - Statistiken

Allgemein
  • Dieses Quiz wurde 4.720 mal gespielt
  • Das Durchschnittsergebnis liegt bei 21 aus 30
Answers on the Grid
Answers color-coded by a green-red scale on the quiz's grid according to % correct below.
Alabama
Alaska
Alberta
Arkadelphia
Aroostook
Buffalo
Chicago
Colorado
Columbus
Connecticut
Delaware
East Carolina
Florida
Hawaii
Idaho
Illinois
Iowa
Jefferson
Kalifornien
Kaskadien
Kentucky
Lincoln
Long Island
Madawaska
Maine
Minnesota
Mississippi
Nataqua
Nevada
New Cornwall
New Hampshire
New York
North Dakota
North Virginia
Ohio
Ontario
Oregon
Pennsylvania
Puerto Rico
Sequoyah
South Carolina
Superior
Texas
Utah
Vermont
Virginia
Washington
Webster
West Virginia
Wyoming
 
Antwortstatistiken
Antwort % Korrekt
Alabama
96%
Alaska
94%
Colorado
77%
Florida
77%
Illinois
76%
Kalifornien
74%
Hawaii
73%
Kentucky
73%
Iowa
72%
Idaho
70%
Minnesota
70%
Connecticut
69%
Mississippi
69%
New York
69%
Nevada
68%
Delaware
67%
North Dakota
67%
South Carolina
65%
Texas
65%
Maine
64%
New Hampshire
64%
Ohio
64%
Washington
64%
Pennsylvania
62%
Utah
62%
Virginia
62%
Wyoming
62%
Oregon
61%
West Virginia
60%
Vermont
55%
Keine übereinstimmenden Quizze gefunden
Verteilung der Resultate
Anzahl Personen mit jedem Resultat
Perzentil nach korrekt beantworteten Fragen
Ihre Resultats-Entwicklung
Sie haben dieses Quiz noch nicht gespielt